| 000 | 00604nam a2200205 a 4500 | ||
|---|---|---|---|
| 005 | 20231101063621.0 | ||
| 008 | 991125m19721998mx 000 0 spa u | ||
| 020 | _a9681607821 | ||
| 035 | _aUPN01000004327 | ||
| 049 | _aCG | ||
| 050 | 4 |
_aPQ7297 P2.85 _bA7.4 1967 |
|
| 100 | 1 |
_aPaz, Octavio, _d1914-1998 |
|
| 245 | 1 | 3 |
_aEl arco y la lira : _bel poema. La revelación poética. Poesía e historia / _cOctavio Paz. |
| 250 | _a3a ed. | ||
| 260 |
_aMéxico : _bFCE, _c1972 (1998 impr.). |
||
| 300 | _a307 p. | ||
| 440 | 0 | _aLengua y estudios literarios | |
| 650 | 4 |
_aPoesía mexicana _91273 |
|
| 905 | _aLibro | ||
| 999 |
_c4327 _d4327 |
||